UM Logo

Extend martial law in Mindanao/ (Record no. 8547)

MARC details
000 -LEADER
fixed length control field 00360nam a2200121 4500
008 - FIXED-LENGTH DATA ELEMENTS--GENERAL INFORMATION
fixed length control field 180212b xxu||||| |||| 00| 0 eng d
100 ## - MAIN ENTRY--PERSONAL NAME
9 (RLIN) 26342
Personal name Atty. Espina, Rene
245 ## - TITLE STATEMENT
Title Extend martial law in Mindanao/
Statement of responsibility, etc. Atty. Rene Espina
260 ## - PUBLICATION, DISTRIBUTION, ETC. (IMPRINT)
Place of publication, distribution, etc. Philippines
Name of publisher, distributor, etc. Manila Bulletin
Date of publication, distribution, etc. c2017
300 ## - PHYSICAL DESCRIPTION
Extent page 12.
650 #0 - SUBJECT ADDED ENTRY--TOPICAL TERM
9 (RLIN) 26343
Topical term or geographic name as entry element Capital punishment.
942 ## - ADDED ENTRY ELEMENTS (KOHA)
Source of classification or shelving scheme Dewey Decimal Classification
Koha item type Periodicals
Holdings
Withdrawn status Lost status Source of classification or shelving scheme Damaged status Not for loan Collection code Home library Current library Date acquired Total Checkouts Date last seen Price effective from Koha item type Public note
    Dewey Decimal Classification     Periodicals UM Digos College - LIC UM Digos College - LIC 02/12/2018   02/12/2018 02/12/2018 Periodicals Newspaper Clippings